00711nam a2200217Ia 4500003000900000008004100009040001300050040001300063041000800076100001600084245012700100250001200227260001400239260000900253300001100262300001000273490000600283942000700289999001700296952018000313IT-RoPAU120407s9999 xx 000 0 und d aIT-RoPAU cIT-RoPAU afra aPierre Suau aLa Mère Marie de Jésus. Emilie d’Oultremont (1818-1878 ) Fondatrice de la Société de Marie Réparatrice. 5a ed. aTournai aCasterman c1963 a370 p. c20 cm v1 cBK c33543d33543 00102ddc406922_00000000000000071aPAULUSbPAULUSd2012-04-11l0o922.0r2012-04-11 00:00:00w2012-04-11yBKzInserito da: In data: n.d. fondo: Via A.Severo 56 Progr:20236